LEADER 01083nam a22002411i 4500 001 991003076349707536 005 20030901103725.0 008 030925s1926 it |||||||||||||||||ita 035 $ab12376747-39ule_inst 035 $aARCHE-042427$9ExL 040 $aBiblioteca Interfacoltà$bita$cA.t.i. Arché s.c.r.l. Pandora Sicilia s.r.l. 082 04$a945.0913 245 00$aAlbo d'oro degli insigniti di titoli cavallereschi di Terra d'Otranto 260 $aLecce :$bE. Bortone,$c1926 300 $a2 v. ;$c25 cm 650 4$aTerra d'Otranto$xBiografie 907 $a.b12376747$b02-04-14$c08-10-03 912 $a991003076349707536 945 $aLE002 Busta A 79/9, I (Fondo Guerrieri)$cV. 1$g1$i2002000110640$lle002$o-$pE0.00$q-$rn$so $t0$u0$v0$w0$x0$y.i12782324$z08-10-03 945 $aLE002 Busta A 79/9, II (Fondo Guerrieri)$cV. 2$g1$i2002000110633$lle002$o-$pE0.00$q-$rn$so $t0$u0$v0$w0$x0$y.i12782336$z08-10-03 996 $aAlbo d'oro degli insigniti di titoli cavallereschi di Terra d'Otranto$9170647 997 $aUNISALENTO 998 $ale002$b08-10-03$cm$da $e-$fita$git $h0$i2 LEADER 02063oas 22006493 450 001 9910329396803321 005 20251120173645.0 035 $a(DE-599)ZDB2069988-8 035 $a(OCoLC)746945766 035 $a(CONSER) 2015201047 035 $a(CKB)991042747064350 035 $a(EXLCZ)99991042747064350 100 $a19870327b19861991 uy a 101 0 $aeng 135 $aurun|---uuuua 181 $ctxt$2rdacontent 182 $cc$2rdamedia 183 $acr$2rdacarrier 200 04$aThe Brown University child behavior and development letter 210 1$aProvidence, R.I. :$cManisses Communications Group,$d1986-c1991. 311 08$a0898-2562 330 $a"Monthly reports on the problems of children and adolescents growing up." 517 3 $aChild behavior and development letter 531 0 $aBrown Univ. child behav. dev. lett. 606 $aChild development$xResearch$vPeriodicals 606 $aChild psychology$xResearch$vPeriodicals 606 $aChild development$xResearch$2fast$3(OCoLC)fst00854414 606 $aChild psychology$xResearch$2fast$3(OCoLC)fst00854551 606 $aFamily and marriage$2galestne 606 $aPsychology and mental health$2galestne 606 $aSociology and social work$2galestne 608 $aPeriodicals.$2fast 608 $aNWL (Newsletter)$2galestne 615 0$aChild development$xResearch 615 0$aChild psychology$xResearch 615 7$aChild development$xResearch. 615 7$aChild psychology$xResearch. 615 7$aFamily and marriage. 615 7$aPsychology and mental health. 615 7$aSociology and social work. 676 $a612 712 02$aGale Group 801 0$bCCT 801 1$bCCT 801 2$bOCLCQ 801 2$bOCLCF 801 2$bOCLCO 801 2$bDLC 801 2$bSFB 801 2$bS2H 801 2$bOCLCO 801 2$bOCLCL 801 2$bOCLCQ 906 $aJOURNAL 912 $a9910329396803321 996 $aThe Brown University child behavior and development letter$91990060 997 $aUNINA LEADER 02989oas 2201093 a 450 001 9910626187703321 005 20260127111022.0 011 $a2168-2860 035 $a(DE-599)ZDB2272795-4 035 $a(OCoLC)123455216 035 $a(CONSER) 2009250522 035 $a(CKB)958480252623 035 $a(DE-599)2272795-4 035 $a(EXLCZ)99958480252623 100 $a20070424b19681970 uy a 101 0 $aeng 135 $aur||||||||||| 181 $ctxt$2rdacontent 182 $cc$2rdamedia 183 $acr$2rdacarrier 200 10$aIEEE transactions on man-machine systems 210 $aNew York, N.Y. $cInstitute of Electrical and Electronics Engineers$d©1968-©1970 311 08$a0536-1540 517 3 $aTransactions on man-machine systems 517 3 $aMan-machine systems 517 3 $aInstitute of Electrical and Electronic Engineers transactions on man-machine systems 531 0 $aIEEE trans. man-mach. syst. 606 $aHuman-computer interaction$vPeriodicals 606 $aHuman engineering$vPeriodicals 606 $aHuman-machine systems 606 $aMan-Machine Systems 606 $aErgonomie$vPe?riodiques 606 $aAppareils e?lectroniques$vPe?riodiques 606 $aSyste?mes homme-machine 606 $aHuman-machine systems$2fast$3(OCoLC)fst00963500 606 $aHuman engineering$2fast$3(OCoLC)fst00963014 606 $aHuman-computer interaction$2fast$3(OCoLC)fst00963494 606 $aTechniek$2gtt 608 $aPeriodical. 608 $aPeriodicals.$2fast 608 $aPeriodicals.$2lcgft 615 0$aHuman-computer interaction 615 0$aHuman engineering 615 0$aHuman-machine systems. 615 2$aMan-Machine Systems. 615 6$aErgonomie 615 6$aAppareils e?lectroniques 615 6$aSyste?mes homme-machine. 615 7$aHuman-machine systems. 615 7$aHuman engineering. 615 7$aHuman-computer interaction. 615 17$aTechniek. 676 $a001.53 712 02$aInstitute of Electrical and Electronics Engineers.$bMan-Machine Systems Group. 801 0$bHNK 801 1$bHNK 801 2$bHNK 801 2$bMUQ 801 2$bZ5A 801 2$bBUF 801 2$bOCLCE 801 2$bDLC 801 2$bOCLCO 801 2$bOCLCQ 801 2$bOCLCF 801 2$bOCLCO 801 2$bVT2 801 2$bOCLCQ 801 2$bOCLCO 801 2$bOCLCQ 801 2$bU3W 801 2$bOCLCO 801 2$bEZC 801 2$bOCLCO 801 2$bAU@ 801 2$bOCLCO 801 2$bWYU 801 2$bOCLCO 801 2$bAUD 801 2$bOCLCA 801 2$bLVT 801 2$bOCLCO 801 2$bOCLCA 801 2$bTKN 801 2$bNJT 801 2$bBWN 801 2$bOCLCO 801 2$bOCLCQ 801 2$bOCL 801 2$bUAB 906 $aJOURNAL 912 $a9910626187703321 996 $aIEEE transactions on man-machine systems$92425109 997 $aUNINA